| Tag |
First Indicator |
Second Indicator |
Subfields |
| LEADER |
00000cam a2200000 a 4500 |
| 001 |
in00000076220 |
| 005 |
20151008060502.0 |
| 008 |
820520s1982 miua b 00100 eng |
| 010 |
|
|
|a 80070324
|
| 020 |
|
|
|a 0250403595
|
| 035 |
|
|
|a (OCoLC)08234887
|
| 035 |
|
|
|9 AAJ5855AM
|
| 039 |
0 |
|
|a 2
|b 3
|c 3
|d 3
|e 3
|
| 040 |
|
|
|a DLC
|c DLC
|d TXA
|d UtOrBLW
|
| 043 |
|
|
|a n-us---
|
| 049 |
|
|
|a TXAM
|c [1805166]
|
| 050 |
0 |
0 |
|a TD429
|b .W385 1982
|
| 082 |
0 |
|
|a 363.7/28
|2 19
|
| 245 |
0 |
0 |
|a Water reuse /
|c edited by E. Joe Middlebrooks.
|
| 264 |
|
1 |
|a Ann Arbor, Mich. :
|b Ann Arbor Science Publishers,
|c 1982.
|
| 300 |
|
|
|a xii, 851 pages :
|b illustrations ;
|c 24 cm.
|
| 336 |
|
|
|a text
|b txt
|2 rdacontent
|
| 337 |
|
|
|a unmediated
|b n
|2 rdamedia
|
| 338 |
|
|
|a volume
|b nc
|2 rdacarrier
|
| 504 |
|
|
|a Includes bibliographies and index.
|
| 650 |
|
0 |
|a Water reuse
|z United States.
|
| 700 |
1 |
|
|a Middlebrooks, E. Joe.
|
| 999 |
|
|
|a MARS
|
| 999 |
f |
f |
|s 68d0d8c9-ae4c-3680-aceb-d90e4f63051e
|i 41c48f14-b2ce-3b37-aa1a-fcc3e41d7d72
|t 0
|
| 952 |
f |
f |
|p normal
|a Texas A&M University
|b College Station
|c Sterling C. Evans Library
|d Evans: Library Stacks
|t 0
|e TD429 .W385 1982
|h Library of Congress classification
|i unmediated -- volume
|m A14806245231
|
| 998 |
f |
f |
|a TD429 .W385 1982
|t 0
|l Evans: Library Stacks
|